Normal view
MARC view
- Lonely, S. L
Entry Personal Name
001 - CONTROL NUMBER
- control field: 63904
003 - CONTROL NUMBER IDENTIFIER
- control field: NUST
005 - DATE AND TIME OF LATEST TRANSACTION
- control field: 20210628203207.0
008 - FIXED-LENGTH DATA ELEMENTS
- fixed length control field: 210628|| aca||aabn | a|a d
040 ## - CATALOGING SOURCE
- Original cataloging agency: NUST
- Transcribing agency: NUST
100 ## - HEADING--PERSONAL NAME
- Personal name: Lonely, S. L
670 ## - SOURCE DATA FOUND
- Source citation: Work cat.: (NUST): Lonely, S. L, Solution of the examples in a tretise on dynamics of a particle and of rigid bodies, 1953
